| 000 | 01193nam a2200337 c 4500 | ||
|---|---|---|---|
| 001 | 52880 | ||
| 003 | ES-MaCES | ||
| 005 | 20250203133306.0 | ||
| 008 | 231002s2023 sp 000 | spa d | ||
| 017 |
_aM 6835-2023 _bDL |
||
| 020 | _a9788411700214 | ||
| 040 |
_aES-MaCES _bspa _cES-MaCES |
||
| 245 | 1 | 0 |
_aEl orden mundial en transición _cAdolfo Calatrava García, José Miguel Calvillo Cisneros (coords.) ; autores, José Miguel Calvillo-Cisneros ... [et al.] |
| 260 |
_aMadrid _bDykinson _c[2023] |
||
| 300 |
_a256 p. _c24 cm |
||
| 504 | _aBibliografía | ||
| 541 | _cCompra | ||
| 650 | 4 |
_anuevo orden económico internacional _929223 |
|
| 650 | 4 |
_arelaciones internacionales _926675 |
|
| 650 | 4 |
_apolítica exterior _926687 |
|
| 650 | 4 |
_apolítica de defensa _926692 |
|
| 650 | 4 |
_acambio climático _930961 |
|
| 650 | 4 |
_aevaluación del impacto ambiental _930344 |
|
| 650 | 4 |
_adesarrollo sostenible _930785 |
|
| 650 | 4 |
_ageografía política _928776 |
|
| 653 | 1 | 0 | _aCiencias Sociales-Políticas |
| 700 | 1 |
_98686 _aCalatrava García, Adolfo _ecol. |
|
| 700 | 1 |
_940777 _aCalvillo Cisneros, José Miguel _ecol. y aut. |
|
| 902 | _aLIB Libro | ||
| 942 |
_2CES _cBK _h7.0. |
||
| 999 |
_c52880 _d52880 |
||